Statistics for Geographic Food Names

Click here to take the quiz!

General Stats

  • This quiz has been taken 68 times
    (38 since last reset)
  • The average score is 12 of 25

Answer Stats

HintAnswer% Correct
WaffleBelgium
61%
Sushi RollCalifornia
61%
Lime PieFlorida Keys
61%
YogurtGreece
61%
SchnitzelVienna
61%
DuckBeijing
57%
MustardDijon
57%
MuffinEngland
57%
SpaghettiBologna
52%
PaellaValencia
52%
Clam ChowderNew England
48%
PadThailand
48%
PuddingYorkshire
48%
Baked Ice CreamAlaska
43%
NutBrazil
43%
PizzaHawaii
43%
OliveKalamata
43%
QuicheLorraine
43%
DelightTurkey
43%
HamBlack Forest
39%
ChickenKiev
39%
BeanLima
39%
BackbaconCanada
35%
PearAnjou
30%
RarebitWales
30%

Score Distribution

Percentile by Number Answered

Percent of People with Each Score

Your Score History

You have not taken this quiz since the last reset